[Event "ITA-ch U16"]
[Site "Merano"]
[Date "2008.07.08"]
[Round "3"]
[White "Valsecchi, Alessio"]
[Black "Mandorino, Alessio"]
[Result "1-0"]
[WhiteElo "2298"]
[BlackElo "1731"]
[PlyCount "37"]
[EventDate "2008.07.06"]
[EventType "swiss"]
[EventRounds "9"]
[EventCountry "ITA"]
[SourceTitle "EXT 2011"]
[Source "ChessBase"]
[SourceDate "2010.11.26"]
[SourceVersion "1"]
[SourceVersionDate "2010.11.26"]
[SourceQuality "1"]

1. e4 e6 2. d4 d5 3. Nd2 dxe4 4. Nxe4 Nf6 5. Nxf6+ Qxf6 6. Nf3 h6 7. Bd3 Bd6 8. 0-0 0-0 9. Qe2 Qe7 10. Re1 Re8 11. Ne5 Nd7 12. Qg4 Qf6 13. Qe4 Nf8 14. Re3 Qe7 15. Rg3 f5 16. Qe2 Kh8 17. Bf4 Bd7 18. Qh5 Kh7 19. Bg5 1-0

[Event "ITA-ch U16"]
[Site "Merano"]
[Date "2008.07.07"]
[Round "2"]
[White "Mandorino, Alessio"]
[Black "Piscitelli, Vito"]
[Result "1/2-1/2"]
[WhiteElo "1731"]
[BlackElo "2003"]
[PlyCount "75"]
[EventDate "2008.07.06"]
[EventType "swiss"]
[EventRounds "9"]
[EventCountry "ITA"]
[SourceTitle "EXT 2011"]
[Source "ChessBase"]
[SourceDate "2010.11.26"]
[SourceVersion "1"]
[SourceVersionDate "2010.11.26"]
[SourceQuality "1"]

1. d4 Nf6 2. Nf3 g6 3. Bg5 Bg7 4. e3 0-0 5. Bd3 d6 6. Nbd2 Nbd7 7. 0-0 Qe8 8. c3 e5 9. Qc2 Nh5 10. e4 h6 11. Be3 g5 12. g3 Qe6 13. Be2 Qg6 14. dxe5 dxe5 15. Rfd1 Nhf6 16. h3 Re8 17. Nh2 Nb6 18. Bf1 Qh5 19. g4 Qg6 20. Bg2 h5 21. f3 Be6 22. Nhf1 Red8 23. Bxb6 axb6 24. Ne3 hxg4 25. hxg4 Nd7 26. b4 b5 27. Bf1 c6 28. Nb3 Bxb3 29. axb3 Nb6 30. Nf5 Bf8 31. Qf2 Rxd1 32. Rxd1 Nc8 33. Rd8 Qe6 34. Qh2 Nb6 35. Nh6+ Kg7 36. Nf5+ Kg8 37. Nh6+ Kg7 38. Nf5+ 1/2-1/2